British Monarch Names - Sudden Death - Statistics

General Stats
  • This quiz has been taken 37 times
    36 since last reset
  • The average score is 7 of 12
Answers on the Grid
Answers color-coded by a green-red scale on the quiz's grid according to % correct below.
Anne
Arthur
Catherine
Charles
Charlotte
Edward
Elizabeth
George
Georgia
Harold
Henry
James
John
Joseph
Mary
Richard
Robert
Stephen
Thomas
William
 
Answer Stats
Answer % Correct
Anne
91%
Edward
77%
Charles
73%
George
73%
Elizabeth
68%
Henry
55%
Mary
55%
William
55%
James
50%
Richard
50%
John
45%
Stephen
45%
No matching quizzes found
Score Distribution
Percent of People with Each Score
Percentile by Number Answered
Your Score History
You have not taken this quiz since the last reset